Environmental jurisprudence and the Supreme Court : (Record no. 95105)

MARC details
000 -LEADER
fixed length control field 00838nam a22002417a 4500
005 - DATE AND TIME OF LATEST TRANSACTION
control field 20150812150135.0
010 ## - LCCN (DPL NO)
LC control number ENG-113611
020 ## - INTERNATIONAL STANDARD BOOK NUMBER
Terms of availability 695.00
International Standard Book Number 9788125055037
035 ## - SYSTEM CONTROL NUMBER
System control number EN-97143
037 ## - SOURCE OF ACQUISITION
Source of stock number/acquisition DBAD/PUB
082 ## - DEWEY DECIMAL CLASSIFICATION NUMBER
Classification number 344.54046
100 ## - MAIN ENTRY--PERSONAL NAME
Personal name Sahu, Geetanjoy
245 ## - TITLE STATEMENT
Title Environmental jurisprudence and the Supreme Court :
Statement of responsibility, etc by Geetanjoy Sahu
Remainder of title litigation, interpretation, implementation /
260 ## - PUBLICATION, DISTRIBUTION, ETC. (IMPRINT)
Place of publication, distribution, etc New Delhi
Name of publisher, distributor, etc Orient Blackswan
Date of publication, distribution, etc 2014
270 ## - ADDRESS
Address 1/24 Asaf Ali Road
City New Delhi
Postal code 110002
300 ## - PHYSICAL DESCRIPTION
Extent xviii,323p.
Dimensions 23cm(Hb)
500 ## - GENERAL NOTE
General note Includes bibliographical references and index
500 ## - GENERAL NOTE
General note "Tata Institute of Social Sciences."
610 ## - SUBJECT ADDED ENTRY--CORPORATE NAME
Corporate name or jurisdiction name as entry element India.
Subordinate unit Supreme Court.
650 ## - SUBJECT ADDED ENTRY--TOPICAL TERM
Topical term or geographic name as entry element Environmental law
Geographic subdivision India.
650 ## - SUBJECT ADDED ENTRY--TOPICAL TERM
Topical term or geographic name as entry element Environmental policy
Geographic subdivision India.
942 ## - ADDED ENTRY ELEMENTS (KOHA)
Source of classification or shelving scheme Dewey Decimal Classification
Item type English Books
Call number suffix SAH
Classification part 344.54046
Holdings
Withdrawn status Lost status Not for loan Collection code Home library Current library Date acquired Source of acquisition Cost, normal purchase price Full call number Barcode Copy number Cost, replacement price Koha item type
    Not For Loan Non-fiction D.B.Act.Division D.B.Act.Division 21/07/2015 DBAD/Pub. 695.00 344.54046 SAH EN-97143 1 695.00 English Books

© Delhi Public Library
Hit Counter
free hit counter